00337nam a2200133Ia 4500003000400000008004100004040001600045082001200061100002200073245004800095260004200143300000800185650001000193GCL140319s9999 xx 000 0 eng d aGCL / cGCL04a794bBD1 aBERLOQUIN, PIERRE10aDEVELOPPER LA MEMOIRE / cBERLOQUIN, PIERRE a[S.N] : bLE LIVRE DE POCHE ، c1991 a10904aGAMES